00517nam a2200169Ia 4500003000400000008004100004040001600045082002000061100002600081245011600107260004200223300001000265650001600275650001800291650002200309650001600331GCL140319s9999 xx 000 0 eng d aGCL / cGCL04aCCb709.32bW R1 aWILKINSON, RICHARD H.10aREADING EGYPTIAN ART: A HIEROGLYPHIC GUIDE TO ANCIENT EGYPTIAN PAINTING AND SCULPTURE / cWILKINSON, RICHARD H. a[S.N] : bTHAMES AND HUDSON ، c1994 a224 P04aART - EGYPT04aANCIENT EGYPT04aEGYPTIAN LANGUAGE04aHIEROGLYPHY